Estadísticas para Banderas en Pelotas de Voleibol

Haz click aquí para intentar la prueba.

Estadísticas generales

  • Esta prueba ha sido intentada 41 veces
  • La puntuación promedio es 15 de 16

Estadísticas de respuestas

Respuesta% Correcto
Argentina
100%
Austria / Perú
100%
Bélgica
100%
Corea del Norte
100%
India
100%
Rusia
100%
Venezuela
100%
Tailandia
97%
Armenia
94%
Estonia
94%
Nigeria
94%
Senegal
89%
Bulgaria
86%
Bahamas
83%
Kuwait
83%
Santo Tomé y Príncipe
61%

Distribución de puntuación

Porcentaje por número respondido

Porcentaje de gente con cada puntuación

Historial de tus puntuaciones

No has intentado esta prueba.